[Event "Titled Tuesday intern op 23rd Apr Late"]
[Site "Chess.com INT"]
[Date "2024.04.23"]
[Round "9"]
[White "Shandrygin, Nikita"]
[Black "Pavlov, Danila"]
[Result "0-1"]
[WhiteElo "2209"]
[BlackElo "2361"]
[PlyCount "152"]
[EventDate "2024.04.23"]
[EventType "swiss (blitz)"]
[EventRounds "11"]
[EventCountry "USA"]
[SourceTitle "CB18_2024"]
[SourceDate "2024.05.01"]
[SourceVersion "1"]
[SourceVersionDate "2024.05.01"]
[SourceQuality "2"]

1. Nf3 g6 2. d4 Bg7 3. g3 d6 4. Bg2 Nf6 5. 0-0 0-0 6. b3 Nc6 7. Bb2 e5 8. dxe5 Nd7 9. c4 dxe5 10. Nfd2 f5 11. Nc3 e4 12. Qc1 Nc5 13. Nd5 Nd4 14. Re1 c6 15. Nf4 Qe7 16. e3 Nde6 17. Bxg7 Qxg7 18. Qc2 Nxf4 19. exf4 Be6 20. Rad1 Rad8 21. Nb1 Nd3 22. Re3 Nb4 23. Qe2 Qf6 24. a3 Rxd1+ 25. Qxd1 Rd8 26. Qc1 Nd3 27. Qc3 Kf7 28. f3 Qxc3 29. Nxc3 exf3 30. Bxf3 Nc5 31. b4 Nd3 32. Bd5 Nxf4 33. gxf4 cxd5 34. cxd5 Bxd5 35. Rd3 Ke6 36. Kf2 Rd7 37. Re3+ Kf6 38. Rd3 Bc6 39. Rxd7 Bxd7 40. Ke3 Ke6 41. Kd4 b6 42. Nd5 Bc6 43. Ne3 h6 44. h4 Kf6 45. Nc4 g5 46. hxg5+ hxg5 47. fxg5+ Kxg5 48. Ne5 Bb7 49. Nf7+ Kg4 50. Nd6 Bg2 51. Ke3 f4+ 52. Kf2 Bc6 53. Nc8 Bd7 54. Nd6 f3 55. Ne4 Kf4 56. Nc3 Bc6 57. a4 Ke5 58. Ke3 f2 59. Kxf2 Kd4 60. Ne2+ Kc4 61. b5 Bd7 62. Nf4 Kb4 63. Ke3 Kxa4 64. Kd4 Kxb5 65. Kc3 a5 66. Nd3 Be6 67. Nf4 Bf7 68. Nd3 a4 69. Ne5 Bd5 70. Nd7 a3 71. Nxb6 Kxb6 72. Kc2 Ba2 73. Kc3 Kb5 74. Kc2 Kc4 75. Kd2 Kb3 76. Kc1 Kc3 0-1

[Event "Titled Tuesday intern op 23rd Apr Late"]
[Site "Chess.com INT"]
[Date "2024.04.23"]
[Round "8"]
[White "Shandrygin, Nikita"]
[Black "Quispe Arteaga, Gabriel"]
[Result "0-1"]
[WhiteElo "2209"]
[BlackElo "2405"]
[PlyCount "100"]
[EventDate "2024.04.23"]
[EventType "swiss (blitz)"]
[EventRounds "11"]
[EventCountry "USA"]
[SourceTitle "CB18_2024"]
[SourceDate "2024.05.01"]
[SourceVersion "1"]
[SourceVersionDate "2024.05.01"]
[SourceQuality "2"]

1. e4 c5 2. Nf3 e6 3. d4 cxd4 4. Nxd4 Nf6 5. Nc3 Nc6 6. Ndb5 Bb4 7. a3 Bxc3+ 8. Nxc3 d5 9. exd5 exd5 10. Bd3 0-0 11. 0-0 d4 12. Ne4 Bf5 13. Bg5 Bxe4 14. Bxe4 Qd6 15. Bxf6 Qxf6 16. Qh5 g6 17. Qc5 Rac8 18. Rad1 b6 19. Qb5 Rfd8 20. Rfe1 Kg7 21. Qa6 Rc7 22. Qa4 Ne5 23. Bd3 Rd5 24. Be4 Rd6 25. Qb4 a5 26. Qd2 Rc5 27. Bd3 Rdc6 28. Be4 Rd6 29. Bd3 h5 30. h3 g5 31. Re4 g4 32. hxg4 Nxg4 33. g3 Ne5 34. Qe2 Nf3+ 35. Kg2 Ng5 36. Rf4 Qh6 37. Rh1 Ne6 38. Re4 Rg5 39. Kf1 Qf6 40. Reh4 Rdd5 41. R1h3 Rde5 42. Qd2 Nc5 43. f4 Re3 44. Kg2 Rg4 45. Rxh5 Qxf4 46. Rh8 Rgxg3+ 47. Kh1 Rxh3+ 48. Rxh3 Rxh3+ 49. Kg2 Qxd2+ 50. Kxh3 Qe3+ 0-1

[Event "Titled Tuesday intern op 16th Apr Early"]
[Site "Chess.com INT"]
[Date "2024.04.16"]
[Round "8"]
[White "Shandrygin, Nikita"]
[Black "Ashraf, Artin"]
[Result "0-1"]
[WhiteElo "2209"]
[BlackElo "2399"]
[PlyCount "116"]
[EventDate "2024.04.16"]
[EventType "swiss (blitz)"]
[EventRounds "11"]
[EventCountry "USA"]
[SourceTitle "CB17_2024"]
[SourceDate "2024.04.24"]
[SourceVersion "1"]
[SourceVersionDate "2024.04.24"]
[SourceQuality "1"]

1. e4 c6 2. d4 d5 3. f3 e6 4. Nc3 Bb4 5. Bf4 b6 6. a3 Bxc3+ 7. bxc3 Ba6 8. Bd3 Ne7 9. Ne2 c5 10. Ng3 0-0 11. 0-0 Bxd3 12. Qxd3 Nbc6 13. dxc5 bxc5 14. c4 d4 15. Ne2 e5 16. Bd2 Qc8 17. Rab1 Qe6 18. Rb5 Qd6 19. Rfb1 f6 20. Qb3 Rfc8 21. Nc1 Nd8 22. Nd3 Ne6 23. Rb7 Nc6 24. Qa4 h6 25. Qb5 Rab8 26. Qa6 Rxb7 27. Rxb7 Rc7 28. Rxc7 Qxc7 29. Qb5 Ne7 30. a4 Qc6 31. Kf2 Kf7 32. Ke2 Ke8 33. Kd1 Kd7 34. Kc1 a6 35. Qb3 Qc7 36. Kb2 Nc6 37. Qa3 Kd6 38. Ka1 g5 39. g4 h5 40. h3 hxg4 41. hxg4 Qh7 42. Qc1 Qh3 43. Qd1 Qg2 44. Kb2 Ne7 45. Kc1 Ng6 46. Ne1 Qf1 47. c3 Qxc4 48. Qc2 Ngf4 49. Qb2 Kc7 50. a5 Qb5 51. Qa2 c4 52. Qa3 Nc5 53. Bxf4 gxf4 54. cxd4 exd4 55. Nc2 c3 56. Nxd4 Qf1+ 57. Kc2 Qd3+ 58. Kc1 Qxd4 0-1

[Event "Titled Tuesday intern op 16th Apr Early"]
[Site "Chess.com INT"]
[Date "2024.04.16"]
[Round "1"]
[White "Shandrygin, Nikita"]
[Black "Manon Og, Ramon Jr"]
[Result "1-0"]
[WhiteElo "2209"]
[BlackElo "1970"]
[PlyCount "59"]
[EventDate "2024.04.16"]
[EventType "swiss (blitz)"]
[EventRounds "11"]
[EventCountry "USA"]
[SourceTitle "CB17_2024"]
[SourceDate "2024.04.24"]
[SourceVersion "1"]
[SourceVersionDate "2024.04.24"]
[SourceQuality "1"]

1. e4 c5 2. Nf3 d6 3. d4 cxd4 4. Nxd4 Nf6 5. Nc3 a6 6. Bg5 e6 7. f4 Be7 8. Qf3 Qc7 9. 0-0-0 Nbd7 10. g4 h6 11. Bxf6 Bxf6 12. Bg2 0-0 13. h4 Bxd4 14. Rxd4 e5 15. Rd2 exf4 16. Qxf4 Ne5 17. Nd5 Qa5 18. a3 Bxg4 19. Ne7+ Kh8 20. Rxd6 Kh7 21. Rd5 Qc7 22. Qxe5 Qxe5 23. Rxe5 Be6 24. Nd5 Rfd8 25. Bh3 Bxh3 26. Rxh3 Rac8 27. Rf3 f6 28. Re7 Rc4 29. Rg3 Rg8 30. Nxf6+ 1-0

[Event "Titled Tuesday intern op 02nd Apr Early"]
[Site "Chess.com INT"]
[Date "2024.04.02"]
[Round "4"]
[White "Kanter, Eduard"]
[Black "Shandrygin, Nikita"]
[Result "0-1"]
[WhiteElo "2344"]
[BlackElo "2209"]
[PlyCount "90"]
[EventDate "2024.04.02"]
[EventType "swiss (blitz)"]
[EventRounds "11"]
[EventCountry "USA"]
[SourceTitle "CB15_2024"]
[SourceDate "2024.04.10"]
[SourceVersion "1"]
[SourceVersionDate "2024.04.10"]
[SourceQuality "1"]

1. d4 d5 2. c4 Nc6 3. Nc3 dxc4 4. Nf3 Nf6 5. h3 Bf5 6. d5 Na5 7. Qa4+ c6 8. b4 b5 9. Qxa5 Qxa5 10. bxa5 b4 11. e4 bxc3 12. exf5 cxd5 13. Ba3 Rb8 14. Be2 g6 15. fxg6 hxg6 16. 0-0 e6 17. Bxf8 Rxf8 18. Rfc1 Ne4 19. Nd4 Rb2 20. Bf3 Nxf2 21. Rxc3 Ke7 22. Re1 Nd3 23. Re2 Rb1+ 24. Kh2 Kf6 25. Nc6 a6 26. a3 Rc8 27. Nb4 Nxb4 28. axb4 Rxb4 29. Rd2 Ke5 30. Re3+ Kd6 31. Rc3 Rcb8 32. Kg3 Kc5 33. Kf4 d4 34. Rc1 c3 35. Rd3 f6 36. g4 g5+ 37. Kg3 Rd8 38. Rdxc3+ dxc3 39. Rxc3+ Kd4 40. Rc1 Ke5 41. Re1+ Kd6 42. Rd1+ Ke7 43. Rc1 Ra4 44. Rc5 Ra3 45. Rc7+ Kf8 0-1

[Event "Titled Tuesday intern op 02nd Apr Late"]
[Site "Chess.com INT"]
[Date "2024.04.02"]
[Round "10"]
[White "Shandrygin, Nikita"]
[Black "Martinez Alcantara, Jose Eduardo"]
[Result "0-1"]
[WhiteElo "2209"]
[BlackElo "2603"]
[PlyCount "92"]
[EventDate "2024.04.02"]
[EventType "swiss (blitz)"]
[EventRounds "11"]
[EventCountry "USA"]
[SourceTitle "CB15_2024"]
[SourceDate "2024.04.10"]
[SourceVersion "1"]
[SourceVersionDate "2024.04.10"]
[SourceQuality "1"]

1. Nf3 a6 2. g3 g6 3. Bg2 Bg7 4. d4 d6 5. 0-0 Nf6 6. b3 0-0 7. Bb2 b5 8. Nbd2 Bb7 9. c4 Nbd7 10. Rc1 c5 11. e3 Rc8 12. Qe2 Qa5 13. a3 Qb6 14. Ba1 b4 15. a4 Rfe8 16. Rfd1 e6 17. Qd3 e5 18. dxe5 dxe5 19. e4 Rcd8 20. Qc2 Qc7 21. Ne1 Nb8 22. Nf1 Nc6 23. Ne3 Nd4 24. Bxd4 Rxd4 25. Nd5 Qd8 26. Nf3 Rxd1+ 27. Rxd1 Qb8 28. Nd2 Nd7 29. Bh3 Nf8 30. Nf1 Bc8 31. Bxc8 Qxc8 32. Qd3 Ne6 33. Nd2 Qb7 34. h4 h5 35. Nf3 Rf8 36. Ng5 Nd4 37. Nf3 f5 38. Nxd4 cxd4 39. f4 Kh8 40. Re1 fxe4 41. Rxe4 Qf7 42. Qe2 Qf5 43. Kg2 a5 44. fxe5 d3 45. Qxd3 Qf2+ 46. Kh3 Rf3 0-1

[Event "Titled Tuesday intern op 02nd Apr Early"]
[Site "Chess.com INT"]
[Date "2024.04.02"]
[Round "9"]
[White "Shandrygin, Nikita"]
[Black "Sharapov, Evgeny"]
[Result "0-1"]
[WhiteElo "2209"]
[BlackElo "2375"]
[PlyCount "106"]
[EventDate "2024.04.02"]
[EventType "swiss (blitz)"]
[EventRounds "11"]
[EventCountry "USA"]
[SourceTitle "CB15_2024"]
[SourceDate "2024.04.10"]
[SourceVersion "1"]
[SourceVersionDate "2024.04.10"]
[SourceQuality "1"]

1. e4 c6 2. d4 d5 3. f3 e6 4. Nc3 Bb4 5. Bf4 Ne7 6. Bd3 0-0 7. Nge2 c5 8. dxc5 d4 9. a3 Ba5 10. b4 dxc3 11. bxa5 Qxa5 12. Bd6 Nbc6 13. Qc1 b6 14. Qe3 bxc5 15. Qxc5 Qxc5 16. Bxc5 Rd8 17. Nxc3 Ng6 18. Kf2 Nf4 19. Rhd1 Nxd3+ 20. cxd3 Ba6 21. d4 Rac8 22. Rac1 Na5 23. Rb1 Nb7 24. Bb4 Rd7 25. d5 e5 26. Rbc1 f5 27. Ne2 Rxc1 28. Rxc1 fxe4 29. fxe4 Bd3 30. Ke3 Bb5 31. Rc8+ Kf7 32. Nc3 Ba6 33. Rc6 Bf1 34. a4 a5 35. Ba3 Bxg2 36. Nb5 h5 37. Rb6 Kg8 38. Bb2 Nc5 39. Bxe5 Nxe4 40. d6 Ng5 41. Nd4 Nf7 42. Bg3 g5 43. Nb5 h4 44. Bf2 Bf1 45. Rb8+ Kh7 46. Be1 Bxb5 47. axb5 Nxd6 48. Kf3 Rb7 49. Rd8 Nxb5 50. Kg4 a4 51. Kxg5 a3 52. Bf2 a2 53. Rd1 Nc3 0-1

[Event "Titled Tuesday intern op 12th Mar Early"]
[Site "Chess.com INT"]
[Date "2024.03.12"]
[Round "4"]
[White "Putnam, Liam H"]
[Black "Shandrygin, Nikita"]
[Result "1-0"]
[WhiteElo "2323"]
[BlackElo "2209"]
[PlyCount "41"]
[EventDate "2024.03.12"]
[EventType "swiss (blitz)"]
[EventRounds "11"]
[EventCountry "USA"]
[SourceTitle "CB12_2024"]
[SourceDate "2023.10.01"]
[SourceVersion "1"]
[SourceVersionDate "2023.10.01"]
[SourceQuality "1"]

1. d4 d5 2. c4 Nc6 3. Nf3 Bg4 4. Nc3 e6 5. cxd5 exd5 6. Bg5 Be7 7. Bxe7 Ngxe7 8. e3 0-0 9. Be2 a6 10. 0-0 Qd6 11. Rc1 Nd8 12. h3 Bh5 13. Qb3 Rb8 14. Rfd1 Ne6 15. Ne5 Bxe2 16. Nxe2 c5 17. Qa3 b5 18. Nd3 b4 19. dxc5 bxa3 20. cxd6 axb2 21. dxe7 1-0

[Event "Titled Tuesday intern op 13th Feb Early"]
[Site "Chess.com INT"]
[Date "2024.02.13"]
[Round "11"]
[White "Petesch, Gabriel N"]
[Black "Shandrygin, Nikita"]
[Result "0-1"]
[WhiteElo "2320"]
[BlackElo "2209"]
[PlyCount "142"]
[EventDate "2024.02.13"]
[EventType "swiss (blitz)"]
[EventRounds "11"]
[EventCountry "USA"]
[SourceTitle "CB08_2024"]
[SourceDate "2024.02.21"]
[SourceVersion "1"]
[SourceVersionDate "2024.02.21"]
[SourceQuality "1"]

1. e3 d5 2. Nf3 Nf6 3. b3 c5 4. Bb2 a6 5. Be2 Nc6 6. 0-0 d4 7. Re1 g6 8. c3 d3 9. Bf1 Bg7 10. e4 0-0 11. Re3 Ng4 12. Rxd3 Qc7 13. h3 Nh6 14. Rd5 b6 15. d4 e6 16. Rg5 cxd4 17. cxd4 Bb7 18. Nc3 Rad8 19. d5 Ne7 20. Rc1 Qb8 21. Ba3 Bf6 22. Qd2 exd5 23. e5 Bxg5 24. Qxg5 Nef5 25. Bxf8 Rxf8 26. Ne2 f6 27. exf6 Nf7 28. Qd2 Qd6 29. Ned4 Qxf6 30. Rc7 Bc8 31. Nxf5 Bxf5 32. Be2 Be4 33. Nd4 Ne5 34. f3 Bf5 35. Qh6 Nf7 36. Qe3 Qd6 37. Nxf5 Qxc7 38. Ne7+ Kg7 39. Nxd5 Qe5 40. Qxe5+ Nxe5 41. Nxb6 Rd8 42. Nc4 Nxc4 43. Bxc4 a5 44. a4 Rd2 45. Kh2 Kf6 46. Kg3 h6 47. h4 Ke5 48. Bf7 Kf6 49. Bc4 Rb2 50. Kh3 Rb1 51. Kg3 Rb2 52. Kh3 Ke5 53. Kg3 Rd2 54. Kh3 Kf4 55. Bf7 Rd1 56. Kh2 g5 57. hxg5 hxg5 58. g3+ Kxf3 59. Bc4 g4 60. Be6 Rd2+ 61. Kg1 Kxg3 62. Kf1 Rf2+ 63. Ke1 Rf3 64. Ke2 Rf4 65. Bd5 Kh2 66. Ke3 Rf8 67. Kd4 g3 68. Kc5 Rf5 69. Kc4 Rxd5 70. Kxd5 g2 71. Kc4 g1Q 0-1

[Event "Titled Tuesday intern op 13th Feb Early"]
[Site "Chess.com INT"]
[Date "2024.02.13"]
[Round "3"]
[White "Shandrygin, Nikita"]
[Black "Perossa, Nicolas"]
[Result "0-1"]
[WhiteElo "2209"]
[BlackElo "2277"]
[PlyCount "98"]
[EventDate "2024.02.13"]
[EventType "swiss (blitz)"]
[EventRounds "11"]
[EventCountry "USA"]
[SourceTitle "CB08_2024"]
[SourceDate "2024.02.21"]
[SourceVersion "1"]
[SourceVersionDate "2024.02.21"]
[SourceQuality "1"]

1. e4 d6 2. d4 Nf6 3. Nc3 e5 4. f3 Nc6 5. Nge2 g6 6. Be3 Bg7 7. Qd2 0-0 8. 0-0-0 Nh5 9. dxe5 dxe5 10. Nd5 Be6 11. g4 Nf6 12. Ng3 Nd4 13. Bg2 Nxd5 14. exd5 Qxd5 15. b3 Qd6 16. Kb1 Nb5 17. Ne4 Qa6 18. Nc5 Qa3 19. Ne4 Rad8 20. Qc1 Qxc1+ 21. Kxc1 f5 22. Nc5 Bc8 23. h3 b6 24. Nd3 Nc3 25. Rde1 f4 26. Bd2 e4 27. fxe4 Nxa2+ 28. Kb1 Nc3+ 29. Bxc3 Bxc3 30. Ref1 Ba6 31. Rf3 Bxd3 32. Rxd3 Rxd3 33. cxd3 f3 34. Bf1 Bd4 35. Kc2 c5 36. Kd2 a5 37. h4 Kg7 38. Rh3 f2 39. Ke2 Rf4 40. Rg3 h6 41. Bh3 Kf6 42. Rf3 Ke5 43. Rg3 g5 44. h5 b5 45. Bf1 a4 46. bxa4 bxa4 47. Rh3 a3 48. Rh1 a2 49. Bg2 a1Q 0-1

[Event "Titled Tuesday intern op 13th Feb Early"]
[Site "Chess.com INT"]
[Date "2024.02.13"]
[Round "9"]
[White "Xu, Yi"]
[Black "Shandrygin, Nikita"]
[Result "1-0"]
[WhiteElo "2495"]
[BlackElo "2209"]
[PlyCount "107"]
[EventDate "2024.02.13"]
[EventType "swiss (blitz)"]
[EventRounds "11"]
[EventCountry "USA"]
[SourceTitle "CB08_2024"]
[SourceDate "2024.02.21"]
[SourceVersion "1"]
[SourceVersionDate "2024.02.21"]
[SourceQuality "1"]

1. e4 c5 2. Nf3 e6 3. d4 cxd4 4. Nxd4 Nf6 5. Nc3 Nc6 6. Ndb5 Bb4 7. a3 Bxc3+ 8. Nxc3 d5 9. exd5 exd5 10. Bd3 0-0 11. 0-0 Bg4 12. f3 Bh5 13. Bg5 Qb6+ 14. Kh1 Ne4 15. Nxe4 dxe4 16. Bxe4 Qxb2 17. Qb1 Qb6 18. Qxb6 axb6 19. Rfb1 Bg6 20. Bxg6 hxg6 21. Rxb6 Na5 22. Kg1 Rfc8 23. Rb2 Nc4 24. Rxb7 Nxa3 25. Rb2 Ra5 26. h4 Nc4 27. Rba2 Re5 28. Bf4 Re2 29. c3 Rce8 30. Kf1 R2e6 31. Ra4 Nb6 32. Rd4 Rc6 33. Bd2 Nc4 34. Rc1 Ra8 35. Rc2 Ra3 36. Bf4 Nb6 37. Bd2 Nc4 38. Bc1 Ra1 39. Kf2 Nd6 40. Be3 Nb5 41. Rd8+ Kh7 42. c4 Na3 43. Rb2 Nxc4 44. Rbb8 g5 45. h5 Ra2+ 46. Kg3 g6 47. Rh8+ Kg7 48. h6+ Kf6 49. h7 Nxe3 50. Rhe8 Rxg2+ 51. Kh3 Rh2+ 52. Kxh2 Rc2+ 53. Kg1 Rg2+ 54. Kh1 1-0

[Event "Titled Tuesday intern op 06th Feb Early"]
[Site "Chess.com INT"]
[Date "2024.02.06"]
[Round "2"]
[White "Kekic, Armin"]
[Black "Shandrygin, Nikita"]
[Result "0-1"]
[WhiteElo "2138"]
[BlackElo "2209"]
[PlyCount "42"]
[EventDate "2024.02.06"]
[EventType "swiss (blitz)"]
[EventRounds "11"]
[EventCountry "USA"]
[SourceTitle "CB07_2024"]
[SourceDate "2024.02.14"]
[SourceVersion "1"]
[SourceVersionDate "2024.02.14"]
[SourceQuality "1"]

1. c4 Nf6 2. Nc3 d5 3. cxd5 Nxd5 4. Nf3 g6 5. g3 Bg7 6. Bg2 0-0 7. d4 Nb6 8. Bf4 Nc6 9. 0-0 Nxd4 10. Nxd4 Qxd4 11. Bxc7 Qc4 12. Bxb6 axb6 13. Nd5 Qc5 14. Qb3 Be6 15. Rac1 Qd6 16. Rfd1 Ra5 17. Qxb6 Qxb6 18. Nxb6 Rxa2 19. b4 Rxe2 20. Nd5 Bf5 21. Nxe7+ Rxe7 0-1

[Event "Titled Tuesday intern op 06th Feb Early"]
[Site "Chess.com INT"]
[Date "2024.02.06"]
[Round "3"]
[White "Shandrygin, Nikita"]
[Black "Goncalves, Samuel Jesus P"]
[Result "1/2-1/2"]
[WhiteElo "2209"]
[BlackElo "2219"]
[PlyCount "58"]
[EventDate "2024.02.06"]
[EventType "swiss (blitz)"]
[EventRounds "11"]
[EventCountry "USA"]
[SourceTitle "CB07_2024"]
[SourceDate "2024.02.14"]
[SourceVersion "1"]
[SourceVersionDate "2024.02.14"]
[SourceQuality "1"]

1. e4 g6 2. d4 Bg7 3. Nc3 d5 4. exd5 Nf6 5. Bc4 Nbd7 6. Nge2 Nb6 7. Bb3 a5 8. a3 a4 9. Ba2 Nfxd5 10. Nxd5 Nxd5 11. 0-0 0-0 12. c4 Nf6 13. h3 c5 14. Be3 cxd4 15. Nxd4 b6 16. Qf3 Ba6 17. Rfd1 Qc7 18. Nb5 Bxb5 19. cxb5 Nd7 20. Rac1 Nc5 21. Rd2 e6 22. Rdc2 Ra5 23. Bxc5 bxc5 24. Rxc5 Qb8 25. Qe2 Bd4 26. R5c4 Bf6 27. Rc5 Bd4 28. R5c4 Bf6 29. Rc5 Bd4 1/2-1/2

[Event "Titled Tuesday intern op 06th Feb Early"]
[Site "Chess.com INT"]
[Date "2024.02.06"]
[Round "8"]
[White "Shandrygin, Nikita"]
[Black "Rosenberg, Evan"]
[Result "1-0"]
[WhiteElo "2209"]
[BlackElo "1985"]
[PlyCount "61"]
[EventDate "2024.02.06"]
[EventType "swiss (blitz)"]
[EventRounds "11"]
[EventCountry "USA"]
[SourceTitle "CB07_2024"]
[SourceDate "2024.02.14"]
[SourceVersion "1"]
[SourceVersionDate "2024.02.14"]
[SourceQuality "1"]

1. e4 e6 2. d4 d5 3. Nd2 c5 4. exd5 Qxd5 5. Ngf3 cxd4 6. Bc4 Qd6 7. 0-0 Nf6 8. Nb3 Nc6 9. Nbxd4 Nxd4 10. Nxd4 a6 11. c3 Be7 12. Qf3 0-0 13. Re1 Qc5 14. Bb3 a5 15. Be3 Qc7 16. Nb5 Qc6 17. Qe2 a4 18. Bc2 e5 19. c4 Bg4 20. f3 Be6 21. b3 axb3 22. axb3 Rxa1 23. Rxa1 g6 24. Bf2 Nd7 25. Be4 Qc8 26. Kh1 f5 27. Bd5 Bxd5 28. cxd5 b6 29. d6 Bf6 30. Nc7 Nc5 31. Qc4+ 1-0

[Event "Titled Tuesday intern op 06th Feb Early"]
[Site "Chess.com INT"]
[Date "2024.02.06"]
[Round "9"]
[White "Silva Lucena, Cristian"]
[Black "Shandrygin, Nikita"]
[Result "1-0"]
[WhiteElo "2340"]
[BlackElo "2209"]
[PlyCount "91"]
[EventDate "2024.02.06"]
[EventType "swiss (blitz)"]
[EventRounds "11"]
[EventCountry "USA"]
[SourceTitle "CB07_2024"]
[SourceDate "2024.02.14"]
[SourceVersion "1"]
[SourceVersionDate "2024.02.14"]
[SourceQuality "1"]

1. d4 d5 2. Nf3 Nc6 3. Bf4 Bg4 4. e3 e6 5. Be2 Bd6 6. Bg3 Nf6 7. Nbd2 0-0 8. 0-0 Qe7 9. c4 Bxg3 10. hxg3 Qb4 11. Qc2 Bf5 12. Qc1 dxc4 13. Nxc4 Rac8 14. a3 Qe7 15. b4 Ne4 16. Qb2 f6 17. Rac1 Rfd8 18. Rfe1 g5 19. b5 Nb8 20. Na5 c6 21. bxc6 bxc6 22. Ba6 Rc7 23. Bf1 h5 24. Nd2 Nxd2 25. Qxd2 c5 26. Qc3 Nd7 27. e4 Bg6 28. d5 Ne5 29. f4 gxf4 30. gxf4 Ng4 31. Nc6 Rxc6 32. dxc6 Qd6 33. Be2 Qxf4 34. Bxg4 hxg4 35. c7 Qxc7 36. Qxf6 Bf7 37. Qg5+ Kh7 38. Rxc5 Qd6 39. Qh4+ Kg7 40. Rg5+ Kf8 41. Rf1 Qd4+ 42. Kh1 Qxe4 43. Rg8+ Kxg8 44. Qxd8+ Kg7 45. Qf6+ Kh7 46. Qxf7+ 1-0

[Event "Titled Tuesday intern op 01st Nov Early"]
[Site "Chess.com INT"]
[Date "2022.11.01"]
[Round "2"]
[White "Ismayil, Malak"]
[Black "Shandrygin, Nikita"]
[Result "0-1"]
[WhiteElo "1941"]
[BlackElo "2209"]
[PlyCount "56"]
[EventDate "2022.11.01"]
[EventType "swiss (blitz)"]
[EventRounds "11"]
[EventCountry "USA"]
[SourceTitle "EXT 2024"]
[Source "ChessBase"]
[SourceDate "2023.10.10"]
[SourceVersion "1"]
[SourceVersionDate "2023.10.10"]
[SourceQuality "1"]

1. e4 c5 2. Nf3 e6 3. g3 d5 4. exd5 exd5 5. Bg2 Nf6 6. 0-0 Be7 7. Re1 0-0 8. d4 Nc6 9. Bg5 h6 10. Bf4 Ne4 11. Nbd2 Bf5 12. c3 Qb6 13. Qb3 Rfd8 14. Rad1 Bf6 15. dxc5 Qxc5 16. Be3 Qa5 17. Nxe4 Bxe4 18. Nd4 Ne5 19. Bxe4 dxe4 20. Qxb7 Rdb8 21. Qxe4 Qxa2 22. b3 Re8 23. Qb1 Qa6 24. c4 Qb7 25. Qf5 Rad8 26. c5 Rxd4 27. Bxd4 Nf3+ 28. Kf1 Nxe1 0-1

[Event "Titled Tuesday intern op 25th Oct Early"]
[Site "Chess.com INT"]
[Date "2022.10.25"]
[Round "6"]
[White "Ozen, Bahadir"]
[Black "Shandrygin, Nikita"]
[Result "1-0"]
[WhiteElo "2369"]
[BlackElo "2209"]
[PlyCount "49"]
[EventDate "2022.10.25"]
[EventType "swiss (blitz)"]
[EventRounds "11"]
[EventCountry "USA"]
[SourceTitle "EXT 2024"]
[Source "ChessBase"]
[SourceDate "2023.10.10"]
[SourceVersion "1"]
[SourceVersionDate "2023.10.10"]
[SourceQuality "1"]

1. g3 d5 2. Nf3 Nf6 3. Bg2 g6 4. 0-0 Bg7 5. d3 0-0 6. c3 Nc6 7. Nbd2 a5 8. Qc2 Nd7 9. Rb1 b6 10. b4 Bb7 11. a3 e5 12. e4 Ne7 13. Re1 c5 14. exd5 Nxd5 15. bxa5 Rxa5 16. Nc4 Ra6 17. Ncxe5 Nxe5 18. Nxe5 Re8 19. d4 Qc7 20. Qb3 cxd4 21. cxd4 Qd6 22. Bb2 Rea8 23. Rbc1 h5 24. Qf3 Rxa3 25. Qxf7+ 1-0

[Event "Titled Tuesday intern op 18th Oct Early"]
[Site "Chess.com INT"]
[Date "2022.10.18"]
[Round "6"]
[White "Galchenko, Matvey"]
[Black "Shandrygin, Nikita"]
[Result "1-0"]
[WhiteElo "2440"]
[BlackElo "2209"]
[PlyCount "89"]
[EventDate "2022.10.18"]
[EventType "swiss (blitz)"]
[EventRounds "11"]
[EventCountry "USA"]
[SourceTitle "EXT 2024"]
[Source "ChessBase"]
[SourceDate "2023.10.10"]
[SourceVersion "1"]
[SourceVersionDate "2023.10.10"]
[SourceQuality "1"]

1. f4 Nf6 2. Nf3 g6 3. g3 Bg7 4. Bg2 0-0 5. 0-0 d5 6. d3 c5 7. Ne5 Nc6 8. Nxc6 bxc6 9. e4 dxe4 10. dxe4 Ba6 11. Re1 Qxd1 12. Rxd1 Rad8 13. Rxd8 Rxd8 14. Nc3 Ng4 15. e5 f6 16. h3 Nh6 17. exf6 Bxf6 18. Be3 Bd4 19. Bxd4 cxd4 20. Ne4 Nf5 21. Nc5 Bc8 22. Kf2 Ne3 23. Rc1 Nxg2 24. Kxg2 Rd5 25. b4 a5 26. a3 Kf7 27. Kf3 h5 28. Re1 Bxh3 29. Nd3 Bg4+ 30. Kf2 axb4 31. Ne5+ Kf6 32. axb4 c5 33. b5 c4 34. Rb1 d3 35. cxd3 cxd3 36. b6 d2 37. b7 Rd8 38. Nxg4+ hxg4 39. Ke2 Rb8 40. Kxd2 e5 41. Rb6+ Kf5 42. Rb5 Ke4 43. Rxe5+ Kf3 44. Re3+ Kf2 45. Rb3 1-0

[Event "Titled Tuesday intern op 18th Oct Early"]
[Site "Chess.com INT"]
[Date "2022.10.18"]
[Round "8"]
[White "Milosevic, Milos"]
[Black "Shandrygin, Nikita"]
[Result "0-1"]
[WhiteElo "2379"]
[BlackElo "2209"]
[PlyCount "102"]
[EventDate "2022.10.18"]
[EventType "swiss (blitz)"]
[EventRounds "11"]
[EventCountry "USA"]
[SourceTitle "EXT 2024"]
[Source "ChessBase"]
[SourceDate "2023.10.10"]
[SourceVersion "1"]
[SourceVersionDate "2023.10.10"]
[SourceQuality "1"]

1. e4 c5 2. Nf3 e6 3. d4 cxd4 4. Nxd4 Nf6 5. Nc3 Nc6 6. Ndb5 Bb4 7. a3 Bxc3+ 8. Nxc3 d5 9. exd5 exd5 10. Bd3 0-0 11. 0-0 Bg4 12. Be2 Bxe2 13. Nxe2 Qb6 14. b3 d4 15. Ng3 Rfe8 16. Bb2 Rad8 17. Re1 Rxe1+ 18. Qxe1 Qc5 19. Qd2 a5 20. h3 Qd5 21. Re1 a4 22. bxa4 Qc4 23. Nf5 Kh8 24. Nxg7 Rg8 25. Qh6 Nd5 26. Nh5 Qxc2 27. Re8 Qg6 28. Rxg8+ Kxg8 29. Qxg6+ hxg6 30. Ng3 f5 31. Kf1 Kf7 32. Ke2 Ke6 33. Kd3 Nf4+ 34. Kc4 Nxg2 35. Bxd4 Nf4 36. Be3 Nxh3 37. Ne2 Ne5+ 38. Kb5 g5 39. Kb6 f4 40. Bxf4 gxf4 41. Nxf4+ Nxf4 42. Kxb7 Kd5 43. a5 Ne6 44. a6 Nc5+ 45. Kb8 Ned7+ 46. Ka7 Kc6 47. f3 Kc7 48. f4 Nb6 49. f5 Nc8+ 50. Ka8 Nd7 51. f6 Ndb6# 0-1

[Event "Titled Tuesday intern op 18th Oct Early"]
[Site "Chess.com INT"]
[Date "2022.10.18"]
[Round "1"]
[White "Shandrygin, Nikita"]
[Black "Shapiro, Daniel E"]
[Result "1-0"]
[WhiteElo "2209"]
[BlackElo "2284"]
[PlyCount "71"]
[EventDate "2022.10.18"]
[EventType "swiss (blitz)"]
[EventRounds "11"]
[EventCountry "USA"]
[SourceTitle "EXT 2024"]
[Source "ChessBase"]
[SourceDate "2023.10.10"]
[SourceVersion "1"]
[SourceVersionDate "2023.10.10"]
[SourceQuality "1"]

1. e4 c5 2. Nf3 e6 3. d4 cxd4 4. Nxd4 a6 5. Bd3 g6 6. 0-0 Bg7 7. Nb3 Ne7 8. f4 d6 9. f5 exf5 10. exf5 Bxf5 11. Bxf5 Nxf5 12. Re1+ Be5 13. Bf4 Nc6 14. Nc3 0-0 15. Nd5 Bxf4 16. Nxf4 Qf6 17. c3 Ne3 18. Rxe3 Qxf4 19. Rf3 Qe5 20. Qd2 Rad8 21. Re1 Qh5 22. h3 Ne5 23. Rf4 Qg5 24. Ref1 h6 25. Qd5 Rd7 26. Nd2 Qg3 27. Ne4 Qe3+ 28. Kh1 Kg7 29. Nxd6 f6 30. Re4 Qg3 31. c4 b6 32. b4 Rfd8 33. c5 bxc5 34. bxc5 Qa3 35. Rxf6 Kxf6 36. Qxe5# 1-0